[Event "Titled Tuesday intern op 09th Jul Early"]
[Site "Chess.com INT"]
[Date "2024.07.09"]
[Round "3"]
[White "Saito, Vinicius Ikezu"]
[Black "Zhurbinsky, David J"]
[Result "1-0"]
[WhiteElo "2143"]
[BlackElo "2147"]
[PlyCount "61"]
[EventDate "2024.07.09"]
[EventType "swiss (blitz)"]
[EventRounds "11"]
[EventCountry "USA"]
[SourceTitle "EXT 2025"]
[Source "ChessBase"]
[SourceDate "2024.10.14"]
[SourceVersion "1"]
[SourceVersionDate "2024.10.14"]
[SourceQuality "1"]

1. e4 e5 2. Nf3 Nc6 3. Bb5 a6 4. Ba4 Nf6 5. 0-0 Be7 6. Re1 b5 7. Bb3 0-0 8. d4 exd4 9. e5 Ne8 10. Bd5 Bb7 11. Nxd4 Rb8 12. Nf5 Bg5 13. Nc3 Bxc1 14. Rxc1 Qg5 15. Qf3 Nxe5 16. Qe4 Bxd5 17. Nxd5 Nc6 18. h4 Qd2 19. Rcd1 Qa5 20. Qg4 g6 21. h5 Kh8 22. Nh6 Ng7 23. Nf6 Qxa2 24. Nxd7 Nxh5 25. Nxf8 Rxf8 26. Qd7 Qc4 27. b3 Qxc2 28. Nxf7+ Kg8 29. Re8 Qc5 30. Nh6+ Kh8 31. Qf7 1-0

[Event "Titled Tuesday intern op 25th Jun Late"]
[Site "Chess.com INT"]
[Date "2024.06.25"]
[Round "7"]
[White "Arslanov, Shamil"]
[Black "Zhurbinsky, David J"]
[Result "1-0"]
[WhiteElo "2410"]
[BlackElo "2147"]
[PlyCount "107"]
[EventDate "2024.06.25"]
[EventType "swiss (blitz)"]
[EventRounds "11"]
[EventCountry "USA"]
[SourceTitle "EXT 2025"]
[Source "ChessBase"]
[SourceDate "2024.10.14"]
[SourceVersion "1"]
[SourceVersionDate "2024.10.14"]
[SourceQuality "1"]

1. d4 Nf6 2. Nc3 e6 3. e4 Bb4 4. e5 Ng8 5. Qg4 Kf8 6. Nf3 c5 7. Bd3 Nc6 8. 0-0 cxd4 9. Ne4 d5 10. Neg5 Be7 11. Nxh7+ Rxh7 12. Bxh7 Bd7 13. h4 Qc7 14. Bf4 Rc8 15. h5 Bc5 16. h6 Nxh6 17. Bxh6 gxh6 18. Qg8+ Ke7 19. Qg7 Rf8 20. Qf6+ Ke8 21. c3 Be7 22. Qxh6 dxc3 23. bxc3 Nxe5 24. Nxe5 Qxe5 25. Rfe1 Qxc3 26. Rac1 Qb2 27. Qf4 Rh8 28. Bf5 Qf6 29. Qb8+ Bd8 30. Bh3 Bc6 31. Qc8 Ke7 32. Rxc6 bxc6 33. Qb7+ Kd6 34. Qxa7 Qc3 35. Rb1 Bf6 36. Qxf7 Be5 37. Qxe6+ Kc5 38. Qg4 Rf8 39. Qd1 Bd4 40. Rc1 Bxf2+ 41. Kh1 Bd4 42. Rxc3+ Bxc3 43. Qd3 d4 44. g4 Rf2 45. Bf1 Rd2 46. Qc4+ Kd6 47. Qf7 Rd1 48. Kg2 d3 49. Qg6+ Kc5 50. Bxd3 Rd2+ 51. Kf3 Kd4 52. Be4 Rd1 53. Qd6+ Kc4 54. Qxd1 1-0

[Event "Titled Tuesday intern op 25th Jun Late"]
[Site "Chess.com INT"]
[Date "2024.06.25"]
[Round "8"]
[White "Zhurbinsky, David J"]
[Black "Ibarra Jerez, Jose Carlos"]
[Result "1-0"]
[WhiteElo "2147"]
[BlackElo "2559"]
[PlyCount "57"]
[EventDate "2024.06.25"]
[EventType "swiss (blitz)"]
[EventRounds "11"]
[EventCountry "USA"]
[SourceTitle "EXT 2025"]
[Source "ChessBase"]
[SourceDate "2024.10.14"]
[SourceVersion "1"]
[SourceVersionDate "2024.10.14"]
[SourceQuality "1"]

1. e4 Nc6 2. d4 d5 3. exd5 Qxd5 4. Nf3 Bg4 5. Be2 0-0-0 6. Nc3 Qh5 7. Be3 e5 8. d5 Nf6 9. 0-0 e4 10. Ng5 h6 11. Nxf7 Bd6 12. h3 Ne5 13. Nxd6+ Rxd6 14. hxg4 Nfxg4 15. Bf4 Qf5 16. Bxg4 Nxg4 17. Bxd6 cxd6 18. f3 Ne3 19. Qe2 Nxf1 20. Rxf1 exf3 21. Rxf3 Qg5 22. Ne4 Qxd5 23. Rd3 Qxa2 24. Nxd6+ Kb8 25. Qe7 Qxb2 26. Rb3 Qc1+ 27. Kh2 Qf4+ 28. Kh3 Qe3+ 29. Rxe3 1-0

[Event "Titled Tuesday intern op 25th Jun Late"]
[Site "Chess.com INT"]
[Date "2024.06.25"]
[Round "3"]
[White "Zhurbinsky, David J"]
[Black "Khlebovich, Alexander"]
[Result "1-0"]
[WhiteElo "2147"]
[BlackElo "2423"]
[PlyCount "85"]
[EventDate "2024.06.25"]
[EventType "swiss (blitz)"]
[EventRounds "11"]
[EventCountry "USA"]
[SourceTitle "EXT 2025"]
[Source "ChessBase"]
[SourceDate "2024.10.14"]
[SourceVersion "1"]
[SourceVersionDate "2024.10.14"]
[SourceQuality "1"]

1. e4 c5 2. Nf3 d6 3. c3 Nf6 4. Be2 g6 5. Bb5+ Bd7 6. Bxd7+ Nbxd7 7. Qe2 Bg7 8. 0-0 0-0 9. d4 e6 10. Bf4 Qe7 11. Bxd6 Qxd6 12. e5 Qb6 13. exf6 Bxf6 14. dxc5 Nxc5 15. Na3 Rfd8 16. Rad1 Na4 17. Nc4 Qa6 18. Qe4 b5 19. Nce5 Nxb2 20. Rd7 Nc4 21. Rfd1 Nxe5 22. Nxe5 Qa4 23. Qf3 Qh4 24. Rxd8+ Rxd8 25. Rxd8+ Kg7 26. Rd4 Qg5 27. Nd3 Bxd4 28. cxd4 Qd2 29. Qe3 Qxa2 30. Qe5+ Kg8 31. h4 Qb1+ 32. Ne1 a5 33. Kh2 a4 34. Nf3 a3 35. Ng5 h6 36. Ne4 a2 37. Nf6+ Kf8 38. Qb8+ Kg7 39. Ne8+ Kh7 40. Qa7 Qf5 41. Qxa2 Qf4+ 42. g3 Qxd4 43. Nc7 1-0

[Event "Titled Tuesday intern op 18th Jun Late"]
[Site "Chess.com INT"]
[Date "2024.06.18"]
[Round "2"]
[White "Sturt, Raven M"]
[Black "Zhurbinsky, David J"]
[Result "1-0"]
[WhiteElo "2459"]
[BlackElo "2147"]
[PlyCount "81"]
[EventDate "2024.06.18"]
[EventType "swiss (blitz)"]
[EventRounds "11"]
[EventCountry "USA"]
[SourceTitle "EXT 2025"]
[Source "ChessBase"]
[SourceDate "2024.10.14"]
[SourceVersion "1"]
[SourceVersionDate "2024.10.14"]
[SourceQuality "1"]

1. f4 d5 2. Nf3 c5 3. e3 Nc6 4. Bb5 g6 5. Bxc6+ bxc6 6. d3 Bg7 7. 0-0 h6 8. Nc3 Nf6 9. Na4 Qd6 10. b3 Nd7 11. Bb2 Bxb2 12. Nxb2 0-0 13. Qd2 e5 14. fxe5 Nxe5 15. Nxe5 Qxe5 16. Na4 c4 17. d4 Qe7 18. Nc5 Re8 19. Rae1 cxb3 20. axb3 Bf5 21. e4 dxe4 22. Qxh6 e3 23. Rf3 e2 24. c3 Rad8 25. Kf2 Bg4 26. Re3 Qf6+ 27. Kg1 Bh5 28. Ne4 Qf5 29. Ng3 Qg4 30. h3 Qh4 31. Kh2 a5 32. Nf5 gxf5 33. Rg3+ Qxg3+ 34. Kxg3 Bg6 35. Kf2 Re4 36. Rxe2 Rb8 37. Rxe4 fxe4 38. h4 Rxb3 39. h5 Rb2+ 40. Kg3 e3 41. hxg6 1-0

[Event "Titled Tuesday intern op 19th Mar Late"]
[Site "Chess.com INT"]
[Date "2024.03.19"]
[Round "1"]
[White "Zhurbinsky, David J"]
[Black "Vargas Pereda, Jesus Manuel"]
[Result "0-1"]
[WhiteElo "2118"]
[BlackElo "1930"]
[PlyCount "56"]
[EventDate "2024.03.19"]
[EventType "swiss (blitz)"]
[EventRounds "11"]
[EventCountry "USA"]
[SourceTitle "EXT 2025"]
[Source "ChessBase"]
[SourceDate "2024.10.14"]
[SourceVersion "1"]
[SourceVersionDate "2024.10.14"]
[SourceQuality "1"]

1. e4 c5 2. Nf3 Nc6 3. c4 g6 4. d4 cxd4 5. Nxd4 Bg7 6. Be3 Nf6 7. Nc3 0-0 8. Be2 d6 9. 0-0 Bd7 10. Rc1 Nxd4 11. Bxd4 Bc6 12. f3 Nd7 13. Bxg7 Kxg7 14. Kh1 a5 15. b3 h5 16. f4 h4 17. h3 Qb6 18. Bd3 Nf6 19. e5 Nh5 20. Kh2 Ng3 21. Rg1 dxe5 22. fxe5 Qd4 23. Re1 Rad8 24. Bb1 Qf4 25. Qg4 Rd2 26. Nd5 Nf1+ 27. Kg1 Qh2+ 28. Kxf1 Qh1# 0-1

[Event "Titled Tuesday intern op 20th Feb Early"]
[Site "Chess.com INT"]
[Date "2024.02.20"]
[Round "11"]
[White "Ganzhurov, Roman"]
[Black "Zhurbinsky, David J"]
[Result "1-0"]
[WhiteElo "2048"]
[BlackElo "2118"]
[PlyCount "139"]
[EventDate "2024.02.20"]
[EventType "swiss (blitz)"]
[EventRounds "11"]
[EventCountry "USA"]
[SourceTitle "EXT 2025"]
[Source "ChessBase"]
[SourceDate "2024.10.14"]
[SourceVersion "1"]
[SourceVersionDate "2024.10.14"]
[SourceQuality "1"]

1. d4 Nf6 2. c4 e6 3. Nc3 Bb4 4. e3 0-0 5. Bd3 d6 6. Nge2 b6 7. 0-0 Bxc3 8. Nxc3 Bb7 9. e4 e5 10. d5 a5 11. a3 Na6 12. Be3 Bc8 13. f3 Bd7 14. Rb1 Nc5 15. Bc2 Nh5 16. b4 axb4 17. axb4 Nb7 18. Qd2 Qf6 19. Ne2 Ra2 20. Ra1 Rfa8 21. Qc3 Nf4 22. Nxf4 exf4 23. Qxf6 gxf6 24. Bd4 Kg7 25. Rfc1 Nd8 26. Kf1 c5 27. bxc5 bxc5 28. Bc3 h5 29. Ke1 h4 30. h3 Nb7 31. Kd1 R8a3 32. Rxa2 Rxa2 33. Ra1 Rxa1+ 34. Bxa1 Na5 35. Bd3 Ba4+ 36. Ke2 Bb3 37. Bc3 Nxc4 38. Be1 Ne3 39. Bxh4 c4 40. Bb1 c3 41. Bd3 Bc4 42. Bxc4 Nxc4 43. Kd3 Ne3 44. Kxc3 Nxg2 45. Bf2 Kg6 46. Kd3 Kg5 47. Ke2 Nh4 48. Bb6 Ng6 49. Bc7 f5 50. Bxd6 fxe4 51. fxe4 f5 52. e5 Nh4 53. e6 f3+ 54. Kf2 Kf6 55. Bc7 Ke7 56. Bf4 Kf6 57. Bg3 Ng6 58. Kxf3 Ke7 59. h4 Kf6 60. h5 Nf8 61. Bh4+ Ke5 62. e7 f4 63. exf8Q Kd4 64. Qxf4+ Kc3 65. d6 Kc2 66. d7 Kc3 67. d8Q Kb2 68. Qfc7 Ka2 69. Qdb8 Ka1 70. Qca7# 1-0

[Event "Titled Tuesday intern op 20th Feb Early"]
[Site "Chess.com INT"]
[Date "2024.02.20"]
[Round "4"]
[White "Nakamura, Hikaru"]
[Black "Zhurbinsky, David J"]
[Result "1-0"]
[WhiteElo "2788"]
[BlackElo "2118"]
[PlyCount "91"]
[EventDate "2024.02.20"]
[EventType "swiss (blitz)"]
[EventRounds "11"]
[EventCountry "USA"]
[SourceTitle "EXT 2025"]
[Source "ChessBase"]
[SourceDate "2024.10.14"]
[SourceVersion "1"]
[SourceVersionDate "2024.10.14"]
[SourceQuality "1"]

1. h4 h5 2. d4 d5 3. c4 Nf6 4. cxd5 Nxd5 5. e4 Nb6 6. Nc3 g6 7. Be3 Bg7 8. Qd2 Nc6 9. 0-0-0 a6 10. f4 Bg4 11. Nf3 Na5 12. b3 Qd6 13. Kb1 0-0-0 14. Be2 Qb4 15. Ka1 c5 16. Ne5 Bxe5 17. fxe5 Bxe2 18. Nxe2 Qa3 19. Qc3 Kb8 20. d5 Nd7 21. Bd2 b6 22. Rhf1 f6 23. exf6 Nxf6 24. Ng3 Ka7 25. Bc1 Qb4 26. Bb2 Rhf8 27. Qxb4 cxb4 28. d6 Ng8 29. Rxf8 Rxf8 30. dxe7 Nxe7 31. Rd7+ Nb7 32. Rxe7 Rf2 33. Be5 Rxg2 34. Rg7 g5 35. Nxh5 a5 36. hxg5 Ka6 37. Bd4 a4 38. Rg6 a3 39. Rxb6+ Ka5 40. Rxb7 Rd2 41. Kb1 Rd1+ 42. Kc2 Rh1 43. g6 Rh2+ 44. Kd3 Rxh5 45. Kc4 Rh6 46. Ra7# 1-0

[Event "Titled Tuesday intern op 20th Feb Early"]
[Site "Chess.com INT"]
[Date "2024.02.20"]
[Round "5"]
[White "Sadubayev, Airat"]
[Black "Zhurbinsky, David J"]
[Result "0-1"]
[WhiteElo "2290"]
[BlackElo "2118"]
[PlyCount "76"]
[EventDate "2024.02.20"]
[EventType "swiss (blitz)"]
[EventRounds "11"]
[EventCountry "USA"]
[SourceTitle "EXT 2025"]
[Source "ChessBase"]
[SourceDate "2024.10.14"]
[SourceVersion "1"]
[SourceVersionDate "2024.10.14"]
[SourceQuality "1"]

1. d4 Nf6 2. c4 e6 3. Nf3 Bb4+ 4. Bd2 c5 5. a3 Bxd2+ 6. Qxd2 0-0 7. Nc3 b6 8. d5 exd5 9. cxd5 d6 10. e4 Re8 11. Bd3 Bf5 12. Qf4 Bxe4 13. Nxe4 Nxe4 14. Bxe4 Qf6 15. Qe3 Qxb2 16. 0-0 f5 17. Ng5 fxe4 18. Qh3 h6 19. Qh5 Qe5 20. Qf7+ Kh8 21. Ne6 Na6 22. Qb7 e3 23. Qxa6 exf2+ 24. Kh1 Re7 25. Rad1 Rae8 26. Qd3 Qf6 27. Qg3 Rf7 28. Qxd6 c4 29. Qg3 c3 30. Nc7 Rc8 31. d6 c2 32. Rc1 Qb2 33. Qg4 Qxc1 34. Qxc8+ Kh7 35. Qa6 Qxf1+ 36. Qxf1 c1Q 37. Qxc1 f1Q+ 38. Qxf1 Rxf1# 0-1

[Event "Titled Tuesday intern op 20th Feb Early"]
[Site "Chess.com INT"]
[Date "2024.02.20"]
[Round "8"]
[White "Zhurbinsky, David J"]
[Black "Mikhailovsky, Vladimir"]
[Result "1/2-1/2"]
[WhiteElo "2118"]
[BlackElo "2215"]
[PlyCount "127"]
[EventDate "2024.02.20"]
[EventType "swiss (blitz)"]
[EventRounds "11"]
[EventCountry "USA"]
[SourceTitle "EXT 2025"]
[Source "ChessBase"]
[SourceDate "2024.10.14"]
[SourceVersion "1"]
[SourceVersionDate "2024.10.14"]
[SourceQuality "1"]

1. e4 c5 2. Nf3 e6 3. c4 Nc6 4. d4 cxd4 5. Nxd4 Bb4+ 6. Nc3 Nf6 7. Nxc6 bxc6 8. Bd3 e5 9. 0-0 0-0 10. Qc2 d6 11. h3 Be6 12. Be3 Qa5 13. Rfd1 Bc5 14. Qe2 Rab8 15. Rab1 Bd4 16. Bd2 Qc7 17. b4 Nd7 18. a4 a5 19. bxa5 Qxa5 20. Nd5 Qxa4 21. Ne7+ Kh8 22. Be3 Rxb1 23. Rxb1 Nc5 24. Bc2 Qxc4 25. Qxc4 Bxc4 26. Nxc6 Ne6 27. Rd1 Bc5 28. Bxc5 dxc5 29. Nxe5 Be2 30. Rd2 Nd4 31. Nd7 Rd8 32. Ne5 Kg8 33. Bd3 Bxd3 34. Nxd3 c4 35. Ne1 f6 36. Kf1 Kf7 37. Rd1 Ke7 38. Rc1 Nb3 39. Rc3 Rc8 40. Ke2 Kd6 41. Nc2 Kc5 42. Ne3 Kb4 43. Nd5+ Ka3 44. Ne3 Kb4 45. Nd5+ Kb5 46. Ne3 Na5 47. Nd5 Rc5 48. Rc1 Nb3 49. Rc3 Nd4+ 50. Kd2 Nc6 51. Nc7+ Kb6 52. Nd5+ Ka5 53. Ne3 Kb4 54. Nd5+ Kb5 55. Nc7+ Ka5 56. Nd5 Ne5 57. f4 Nd7 58. Ne3 Nb6 59. Ra3+ Kb4 60. Nc2+ Kb5 61. Nd4+ Kb4 62. Nc2+ Kb5 63. Nd4+ Kb4 64. Nc2+ 1/2-1/2

[Event "Titled Tuesday intern op 19th Dec Late"]
[Site "Chess.com INT"]
[Date "2023.12.19"]
[Round "4"]
[White "Zhurbinsky, David J"]
[Black "Guevara Sanchez, Erick Marvin"]
[Result "1-0"]
[WhiteElo "2080"]
[BlackElo "2053"]
[PlyCount "93"]
[EventDate "2023.12.19"]
[EventType "swiss (blitz)"]
[EventRounds "11"]
[EventCountry "USA"]
[SourceTitle "EXT 2025"]
[Source "ChessBase"]
[SourceDate "2024.10.14"]
[SourceVersion "1"]
[SourceVersionDate "2024.10.14"]
[SourceQuality "1"]

1. d4 Nf6 2. c4 e6 3. g3 Bb4+ 4. Bd2 Be7 5. Bg2 d5 6. cxd5 exd5 7. Nc3 0-0 8. Nf3 c5 9. 0-0 Nc6 10. Bf4 Be6 11. Rc1 b6 12. dxc5 bxc5 13. Ne5 Rc8 14. Nxc6 Rxc6 15. e4 d4 16. Na4 Rc8 17. b3 Qa5 18. Bd2 Qa6 19. Re1 Rfd8 20. Bf1 Qb7 21. Bd3 h6 22. Qc2 Ng4 23. f4 Bf8 24. Nb2 Nf6 25. Nc4 Bd7 26. Ne5 Bh3 27. Bc4 Rc7 28. Ba5 Be6 29. Bxc7 Qxc7 30. Bxe6 fxe6 31. Qc4 Qb6 32. f5 Re8 33. Ng6 Kh7 34. Nxf8+ Rxf8 35. Qxe6 Qb4 36. e5 Ng4 37. Qg6+ Kh8 38. Qxg4 d3 39. Qxb4 cxb4 40. Rf1 Rd8 41. Rcd1 Rd5 42. f6 gxf6 43. exf6 Kg8 44. f7+ Kf8 45. Rde1 d2 46. Re8+ Kg7 47. f8Q+ 1-0

[Event "Titled Tuesday intern op 05th Dec Early"]
[Site "Chess.com INT"]
[Date "2023.12.05"]
[Round "2"]
[White "Martinez Alcantara, Jose Eduardo"]
[Black "Zhurbinsky, David J"]
[Result "1/2-1/2"]
[WhiteElo "2611"]
[BlackElo "2080"]
[PlyCount "55"]
[EventDate "2023.12.05"]
[EventType "swiss (blitz)"]
[EventRounds "11"]
[EventCountry "USA"]
[SourceTitle "EXT 2025"]
[Source "ChessBase"]
[SourceDate "2024.10.14"]
[SourceVersion "1"]
[SourceVersionDate "2024.10.14"]
[SourceQuality "1"]

1. e4 e5 2. Nf3 Nc6 3. Nc3 Nf6 4. h3 Bb4 5. a3 Bxc3 6. dxc3 d6 7. Bd3 h6 8. Qe2 Be6 9. Be3 Qd7 10. 0-0-0 a6 11. Nd2 Na5 12. f4 exf4 13. Bxf4 Qa4 14. Rhf1 Nd7 15. Kb1 Nc5 16. Be3 Nxd3 17. cxd3 Nb3 18. c4 b5 19. Nxb3 Qxb3 20. Rc1 bxc4 21. dxc4 Rb8 22. Bd4 Qxa3 23. Rf3 Qa4 24. Rg3 Rb4 25. Rgc3 Kd7 26. Qc2 Qa5 27. b3 Rhb8 28. Kb2 1/2-1/2

[Event "Titled Tuesday intern op 05th Dec Early"]
[Site "Chess.com INT"]
[Date "2023.12.05"]
[Round "4"]
[White "Zhurbinsky, David J"]
[Black "Ljukin, Sergei"]
[Result "0-1"]
[WhiteElo "2080"]
[BlackElo "2362"]
[PlyCount "126"]
[EventDate "2023.12.05"]
[EventType "swiss (blitz)"]
[EventRounds "11"]
[EventCountry "USA"]
[SourceTitle "EXT 2025"]
[Source "ChessBase"]
[SourceDate "2024.10.14"]
[SourceVersion "1"]
[SourceVersionDate "2024.10.14"]
[SourceQuality "1"]

1. e4 e6 2. d4 d5 3. Nc3 Bb4 4. e5 Ne7 5. Qg4 c5 6. a3 Bxc3+ 7. bxc3 Qc7 8. Qxg7 Rg8 9. Qxh7 cxd4 10. Ne2 Nbc6 11. Bf4 dxc3 12. Nxc3 Nxe5 13. Nb5 Nf3+ 14. gxf3 Qxf4 15. Rd1 a6 16. Nd4 Bd7 17. Qd3 0-0-0 18. Qc3+ Kb8 19. Qc5 Nc6 20. Bxa6 Nxd4 21. Rxd4 Qc7 22. Qb4 Bc6 23. Ke2 e5 24. Rd2 Kc8 25. Bd3 e4 26. fxe4 dxe4 27. Bc4 Rxd2+ 28. Qxd2 e3 29. Qd3 Bxh1 30. Qf5+ Kb8 31. fxe3 Bc6 32. h4 Rg2+ 33. Kd3 Qd7+ 34. Qxd7 Bxd7 35. h5 Be6 36. Bb5 Rh2 37. h6 Rxh6 38. c4 Rh4 39. a4 Bf5+ 40. Kc3 Kc7 41. a5 Bd7 42. Kd3 Bxb5 43. cxb5 Ra4 44. a6 bxa6 45. bxa6 Rxa6 46. e4 Ra4 47. Ke3 Kd6 48. Kf4 Ke6 49. Kg5 Rxe4 50. Kh5 Re1 51. Kg5 Rf1 52. Kh5 Rg1 53. Kh6 Kf5 54. Kh7 Kf6 55. Kh8 Kf5 56. Kh7 Ke5 57. Kh8 f5 58. Kh7 f4 59. Kh8 f3 60. Kh7 f2 61. Kh6 f1Q 62. Kh7 Rg2 63. Kh8 Qh1# 0-1

[Event "Titled Tuesday intern op 21st Nov Late"]
[Site "Chess.com INT"]
[Date "2023.11.21"]
[Round "4"]
[White "Aadit, Bhatia"]
[Black "Zhurbinsky, David J"]
[Result "1-0"]
[WhiteElo "2080"]
[BlackElo "2101"]
[PlyCount "89"]
[EventDate "2023.11.21"]
[EventType "swiss (blitz)"]
[EventRounds "11"]
[EventCountry "USA"]
[SourceTitle "EXT 2025"]
[Source "ChessBase"]
[SourceDate "2024.10.14"]
[SourceVersion "1"]
[SourceVersionDate "2024.10.14"]
[SourceQuality "1"]

1. e4 e5 2. Nf3 Nc6 3. Bc4 Bc5 4. 0-0 d6 5. c3 Bb6 6. h3 Nf6 7. Re1 0-0 8. d4 Qe7 9. a4 a6 10. Bg5 h6 11. Bh4 Rd8 12. Bb3 g5 13. Bg3 Kg7 14. Na3 Nh5 15. Nc4 Nxg3 16. fxg3 Ba7 17. Kh2 Qf6 18. Rf1 Qg6 19. g4 Qxe4 20. Bc2 Qd5 21. Ne3 Qe6 22. Nf5+ Kh8 23. d5 Qf6 24. dxc6 bxc6 25. Nd2 d5 26. Ng3 Qe7 27. Bf5 Bb7 28. Qe2 e4 29. Nb3 Bb6 30. Rae1 Qe5 31. Nd2 Re8 32. Bxe4 dxe4 33. Rf5 Qe6 34. Ndxe4 c5 35. Qf2 c4 36. Qf1 Kg7 37. Rf6 Qe5 38. Kh1 Re7 39. Nh5+ Kg8 40. Rxh6 Bxe4 41. Rxe4 Qxe4 42. Nf6+ Kg7 43. Nxe4 Rxe4 44. Qf6+ Kg8 45. Rh8# 1-0

[Event "Titled Tuesday intern op 21st Nov Late"]
[Site "Chess.com INT"]
[Date "2023.11.21"]
[Round "3"]
[White "Zhurbinsky, David J"]
[Black "Ibarra Jerez, Jose Carlos"]
[Result "0-1"]
[WhiteElo "2101"]
[BlackElo "2567"]
[PlyCount "44"]
[EventDate "2023.11.21"]
[EventType "swiss (blitz)"]
[EventRounds "11"]
[EventCountry "USA"]
[SourceTitle "EXT 2025"]
[Source "ChessBase"]
[SourceDate "2024.10.14"]
[SourceVersion "1"]
[SourceVersionDate "2024.10.14"]
[SourceQuality "1"]

1. e4 c5 2. Nf3 Nc6 3. c3 Nf6 4. e5 Nd5 5. d4 cxd4 6. cxd4 d6 7. Bc4 dxe5 8. dxe5 Be6 9. 0-0 g6 10. Re1 Bg7 11. Qe2 0-0 12. a3 Qb6 13. Nbd2 Rfd8 14. h3 Rac8 15. Nf1 Na5 16. Bxd5 Bxd5 17. Be3 Qe6 18. b4 Nc4 19. Bd4 Bxf3 20. Qxf3 Rxd4 21. Qxb7 Qd7 22. Qf3 Nxe5 0-1